Einführung in die allgemeine und klinische Neurochemie /

Uložené v:
Podrobná bibliografia
Hlavný autor: Kanig, Karl
Médium: Kniha
Jazyk:German
Vydané: Jena : Gustav Fischer Verlag, 1973.
Vydanie:1. Aufl.
ISBN: (brož.)
Fyzický popis: 217 s. : grafy, il. ; 19 cm.
Tagy: Pridať tag
Žiadne tagy, Buďte prvý kto otaguje tento záznam!

MARC

LEADER 00000nam a22000007a 4500
001 000420105
005 20130606153927.0
008 081118s1973 gw ad g 000 0 ger d
020 |a (brož.)  |c Kčs 41,00 
040 |a SVKKK  |b slo  |c SVKKK  |e AACR2 
041 0 |a ger 
044 |a gw  |c DE 
100 1 |a Kanig, Karl 
245 1 0 |a Einführung in die allgemeine und klinische Neurochemie /  |c Karl Kanig. 
250 |a 1. Aufl. 
260 |a Jena :  |b Gustav Fischer Verlag,  |c 1973. 
300 |a 217 s. :  |b grafy, il. ;  |c 19 cm. 
504 |a Bibliografia: s. 169-192 
910 |a svkkk 
998 |a BK 
090 |g SCKHL  |k Sklad Hlavná 10 suterén  |a I.42077  |j 495789  |i 2720462899  |s Absenčne